000 00635nam a22001937a 4500
003 OSt
005 20210211171711.0
008 210211b ||||| |||| 00| 0 eng d
020 _a0335207812
020 _a0335207820
040 _aPHNSL
_cPHNSL
100 _aFreshwater, Dawn
245 _aCounselling skills for nurses, midwives and health visitors /
_cDawn Freshwater.
260 _aBerkshire, United Kingdom :
_bOpen University Press,
_c2003.
300 _axii, 121 p. :
_bill.
650 _aCounselling
_vCounselling nurses and midwives
_xCounselling health workers
650 _aNursing
_vMidwives
_xHealth workers
942 _2lcc
_cBK
999 _c208
_d208